[Event "WchT (Women) 6th"]
[Site "Khanty-Mansiysk"]
[Date "2017.06.18"]
[Round "2.2"]
[White "Nguyen, Thi Mai Hung"]
[Black "Gunina, Valentina"]
[Result "0-1"]
[WhiteElo "2301"]
[BlackElo "2504"]
[Annotator "Yermolinsky,A"]
[PlyCount "80"]
[EventDate "2017.06.17"]
[EventType "team-tourn"]
[EventRounds "9"]
[EventCountry "RUS"]
[SourceTitle "CBM 179"]
[Source "ChessBase"]
[SourceDate "2017.07.12"]
[SourceVersion "1"]
[SourceVersionDate "2017.07.12"]
[SourceQuality "1"]
[WhiteTeam "Vietnam (W)"]
[BlackTeam "Russia (W)"]
[WhiteTeamCountry "VIE"]
[BlackTeamCountry "RUS"]

1. d4 Nf6 2. Nf3 e6 3. e3 b6 4. Bd3 Bb7 5. O-O d5 6. b3 Be7 7. Bb2 O-O 8. Ne5
c5 9. Nd2 Nbd7 10. Qf3 Qc7 11. Qh3 h6 12. f4 cxd4 13. exd4 Nxe5 14. fxe5 Ne4
15. Rad1 Bg5 16. Nb1 {True to her uncompromising style, Gunina enters wild
complications.} b5 $5 17. Ba3 Rfc8 18. Bxb5 $2 {White didn't have to do this,
but the Vietnamese player counted on hitting the f7-pawn.} Qxc2 $1 19. Qf3 Kh8
$1 (19... f5 20. Bd7 Re8 $15) 20. Kh1 (20. Qxf7 Be3+ 21. Kh1 Rc7) 20... Qxa2 $5
({A safer way was} 20... Bc6 21. Ba6 Rc7 22. Bd6 Qxa2 23. Bxc7 Qxa6 $17) 21.
Qxf7 Be3 $2 {A move that can be criticised.} (21... Qxb3 22. Bd7 Ba6 23. Bxc8
Rxc8 {seems dangerous on account of} 24. Bf8 {but then comes} Qb7 25. Bxg7+ Kh7
26. Qxb7 Bxb7 27. Bf6 (27. Rf7 Kg6 28. Rxb7 Nf2+) 27... Ba6 {winning back the
exchange.}) 22. Bd3 $2 (22. Qxb7 Qxb3 23. Qa6 Nf2+ 24. Rxf2 Bxf2 25. Be2 $14 {
would allow White to regain coordination of her pieces.}) 22... Qxb3 23. Qf3
Nf2+ 24. Rxf2 Bxf2 25. Rf1 Bxd4 {Gunina's bold play has brought her material
gains, but she had to see deeper.} 26. Qg3 {How does Black stop Qg3-g6?} Ba6 $1
{The only way!} 27. Bxa6 Qxg3 28. hxg3 Rcb8 {Black stands better now.} 29. Bd6
Rb6 30. Be2 a5 31. Na3 Bb2 32. Nb5 a4 33. Rb1 Bd4 $1 (33... a3 $2 34. Nxa3) (
33... Rxb5 34. Bxb5 a3 35. Bxa3 Bxa3 36. Bd7 $11) 34. Rd1 (34. Bd3 $142 Be3 35.
Ra1) 34... Bf2 35. Nc7 Rc8 36. Kh2 Rb3 {Action against the white king!} 37. Bd3
a3 $19 38. g4 a2 39. Bg6 Bg3+ 40. Kg1 Rcb8 0-1